[Event "Pardubice KV op"]
[Site "Pardubice"]
[Date "2010.??.??"]
[Round "7"]
[White "Grussova, Helena"]
[Black "Jezek, Josef"]
[Result "1-0"]
[WhiteElo "1955"]
[BlackElo "1725"]
[PlyCount "41"]
[EventDate "2010.07.??"]
[EventType "swiss"]
[EventRounds "7"]
[EventCountry "CZE"]
[SourceTitle "EXT 2012"]
[Source "ChessBase"]
[SourceDate "2011.11.24"]
[SourceVersion "1"]
[SourceVersionDate "2011.11.24"]
[SourceQuality "1"]

1. e4 e6 2. d4 d5 3. exd5 exd5 4. c4 Nc6 5. Be3 Bb4+ 6. Nc3 Nf6 7. a3 Bxc3+ 8. bxc3 0-0 9. Bd3 Ne4 10. Qh5 f5 11. cxd5 Qxd5 12. Ne2 Qb3 13. Bxe4 fxe4 14. 0-0 Be6 15. Ng3 Qxc3 16. Nxe4 Rf5 17. Qxf5 Bxf5 18. Nxc3 Rd8 19. Ra2 Nxd4 20. Rd2 c5 21. Rfd1 1-0

[Event "Pardubice KV op"]
[Site "Pardubice"]
[Date "2010.??.??"]
[Round "6"]
[White "Jezek, Josef"]
[Black "Liska, Jiri1111"]
[Result "1-0"]
[WhiteElo "1725"]
[BlackElo "1940"]
[PlyCount "67"]
[EventDate "2010.07.??"]
[EventType "swiss"]
[EventRounds "7"]
[EventCountry "CZE"]
[SourceTitle "EXT 2012"]
[Source "ChessBase"]
[SourceDate "2011.11.24"]
[SourceVersion "1"]
[SourceVersionDate "2011.11.24"]
[SourceQuality "1"]

1. e4 Nf6 2. e5 Nd5 3. d4 d6 4. Nf3 Bg4 5. Be2 e6 6. c4 Nb6 7. 0-0 dxe5 8. dxe5 Nc6 9. b3 Bc5 10. Bb2 Qxd1 11. Rxd1 0-0 12. Nc3 Rad8 13. Ne4 Bxf3 14. Bxf3 Bd4 15. Bxd4 Nxd4 16. Nc5 Nxf3+ 17. gxf3 g5 18. Nxb7 Rxd1+ 19. Rxd1 Kg7 20. Nc5 Kg6 21. a4 Kf5 22. a5 Na8 23. b4 c6 24. Rd7 Kxe5 25. Rxa7 Kd4 26. Nd7 Rd8 27. b5 g4 28. f4 cxb5 29. cxb5 Ke4 30. Kg2 h5 31. b6 Nxb6 32. axb6 h4 33. Ra4+ Kf5 34. b7 1-0

[Event "Pardubice KV op"]
[Site "Pardubice"]
[Date "2010.??.??"]
[Round "4"]
[White "Jezek, Josef"]
[Black "Lorencova, Vera"]
[Result "1/2-1/2"]
[WhiteElo "1725"]
[BlackElo "1990"]
[PlyCount "124"]
[EventDate "2010.07.??"]
[EventType "swiss"]
[EventRounds "7"]
[EventCountry "CZE"]
[SourceTitle "EXT 2012"]
[Source "ChessBase"]
[SourceDate "2011.11.24"]
[SourceVersion "1"]
[SourceVersionDate "2011.11.24"]
[SourceQuality "1"]

1. e4 d5 2. exd5 Nf6 3. d4 Nxd5 4. c4 Nb6 5. Nf3 g6 6. Nc3 Bg7 7. Be2 0-0 8. 0-0 Nc6 9. Be3 Bg4 10. d5 Bxf3 11. Bxf3 Ne5 12. c5 Nxf3+ 13. Qxf3 Nc4 14. Rab1 Qd7 15. Rfd1 Rab8 16. Bd4 e5 17. dxe6 Qxe6 18. Bxg7 Kxg7 19. Nb5 Qe5 20. Rd5 Qf6 21. Qxf6+ Kxf6 22. Nxc7 Rfd8 23. Rbd1 Rxd5 24. Nxd5+ Ke5 25. b3 Na5 26. f4+ Ke6 27. g4 Nc6 28. Nc7+ Ke7 29. Kf2 Rd8 30. Re1+ Kf8 31. a3 a6 32. Re3 Ne7 33. f5 gxf5 34. gxf5 Nxf5 35. Rf3 Nd4 36. Rf4 Rd7 37. b4 Nc2 38. Ne6+ Ke7 39. Ng5 Rd2+ 40. Kg3 Rd3+ 41. Kg4 Rd4 42. Rxd4 Nxd4 43. a4 h6 44. Nf3 Nxf3 45. Kxf3 Kf6 46. Kf4 Ke6 47. b5 axb5 48. axb5 Kd5 49. c6 bxc6 50. bxc6 Kxc6 51. Ke5 Kd7 52. Kf6 Ke8 53. h4 Kf8 54. h5 Kg8 55. Kf5 Kg7 56. Ke5 Kf8 57. Kf6 Kg8 58. Kf5 Kf8 59. Kf6 Ke8 60. Kg7 f5 61. Kxh6 Kf7 62. Kg5 Kg7 1/2-1/2

[Event "Pardubice KV op"]
[Site "Pardubice"]
[Date "2010.??.??"]
[Round "1"]
[White "Stojkovic, Andreja"]
[Black "Jezek, Josef"]
[Result "1-0"]
[WhiteElo "1970"]
[BlackElo "1725"]
[PlyCount "39"]
[EventDate "2010.07.??"]
[EventType "swiss"]
[EventRounds "7"]
[EventCountry "CZE"]
[SourceTitle "EXT 2012"]
[Source "ChessBase"]
[SourceDate "2011.11.24"]
[SourceVersion "1"]
[SourceVersionDate "2011.11.24"]
[SourceQuality "1"]

1. e4 e6 2. d4 d5 3. Nd2 c5 4. Ngf3 Nc6 5. c3 Qb6 6. exd5 exd5 7. Nb3 h6 8. dxc5 Bxc5 9. Nxc5 Qxc5 10. Be3 Qd6 11. b4 Be6 12. Qd2 Nf6 13. Bd3 b6 14. Bf4 Qe7 15. 0-0 0-0 16. Rfe1 Rfd8 17. Bxh6 gxh6 18. Qxh6 Ne4 19. Rxe4 Qf8 20. Rxe6 1-0